| 000 | 01053nam a2200301 a 4500 | ||
|---|---|---|---|
| 999 |
_c7489 _d7489 |
||
| 001 | 991016073769706706 | ||
| 003 | OSt | ||
| 005 | 20211202123018.0 | ||
| 008 | 060102s1963 spca || 000 ||spa | ||
| 017 |
_aDL B. 15789-1963 _bBiblioteca de Catalunya |
||
| 035 | _a(ES-BaCBU)b13977179-34csuc_network | ||
| 035 | _a(ES-BaCBU).b13977179 | ||
| 035 | _a(ccuc001)b13977179 | ||
| 035 | _a(OCoLC)802720487 | ||
| 040 |
_aES-BaBC _bcat _cCDMR |
||
| 090 |
_aPN1992.8.T3 _bA73 1963 |
||
| 100 | 1 |
_aArco, Manuel del _941 |
|
| 245 | 1 | 0 |
_aFuera de cámara : _bÉsta es su vida / _cDel Arco y Vila-San-Juan ; con ilustraciones |
| 260 |
_aBarcelona : _bPlaneta, _c1963 |
||
| 300 |
_a308 p., [72] p. de làm. : _bil. ; _c22 cm |
||
| 610 | 2 | 7 |
_aEsta es su vida (Programa de televisió) _2cantic |
| 650 | 7 |
_aTelevisió _zEspanya _xProgrames _xHistòria _2lemac |
|
| 700 | 1 |
_aVila-San-Juan, Juan Felipe _91390 |
|
| 907 |
_a.b13977179 _b22-06-21 _c07-05-08 _d07-05-08 _em _fa _g- _hspa _ispc _j0 _k8 |
||
| 908 |
_aAHCB _aBC _aUB _aUPF _aGEPA |
||
| 940 | _aBC | ||
| 942 |
_2udc _cMON |
||